000
00292nam a22001337a 4500
008
190304b xxu||||| |||| 00| 0 eng d
020
_a
978078170399
041
_a
eng
080
_a
615
100
_a
5
101
_a
FAR
245
_a
Psychotropic drug facts
_c
Bailey,K,P
942
_2
udc
_c
BK
999
_c
54427
_d
54427